000 00365nam a2200133Ia 4500
008 100328s9999 xx 000 0 und d
082 _b22181
100 _aसहस्त्रबुदे नलिनी
245 _aफुलंगी
260 _bकुलकर्णी
630 _aफुलंगी
730 _aफुलंगी
942 _cBOOK
999 _c516110
_d516107